000 00292nam a2200133 a 4500
008 141104s2002|||| d
100 1 _aBoroš, Július
245 1 0 _aÚvod do psychológie
260 _aBratislava
_c2002
020 _c0
041 _aslo
044 _axo
_cSK
958 _aAPR
999 _c20508
_d20508